000
00276nam a2200109Ia 4500
001
1263938
005
20260417141928.0
008
260417s9999 xx 000 0 und d
020
_a
9786256126503
245
0
_a
Anneler ve Kudüsler
_c
Nuri Pakdil
260
_b
Ketebe Yayınları
999
_c
1263938
_d
1263938